000 00482nam a22001577a 4500
005 20251128133412.0
008 251128b |||||||| |||| 00| 0 eng d
020 _a9780133489545
050 _aTA645
_b.S479
100 _aShaeffer, Ronald E.
245 _aElementary Structures for Architects and Builders
_cRonald E. Shaeffer
250 _a3rd ed.
260 _aUpper Saddle River, New Jersey
_bPrentice Hall
_c1998
300 _ax. 449p.
_bill.
_c24cm
942 _2lcc
_cBK
_e3rd ed.
_n0
999 _c8405
_d8405